Sixteen Million One : (Record no. 609013)

MARC details
000 -LEADER
fixed length control field 00460nam a2200181 a 4500
008 - FIXED-LENGTH DATA ELEMENTS--GENERAL INFORMATION
fixed length control field 260122s2009##################000#0#eng##
020 ## - INTERNATIONAL STANDARD BOOK NUMBER
ISBN 9781594516207
082 04 - DEWEY DECIMAL CLASSIFICATION NUMBER
Classification number 303.64
Item number REG
100 1# - MAIN ENTRY--AUTHOR NAME
Personal name Regan, Patrick M.,
245 10 - TITLE STATEMENT
Title Sixteen Million One :
260 ## - PUBLICATION, DISTRIBUTION, ETC. (IMPRINT)
Name of publisher Routledge,
Year of publication 2009.
650 #0 - SUBJECT ADDED ENTRY--TOPICAL TERM
Topical Term Civil war.
942 ## - ADDED ENTRY ELEMENTS (KOHA)
Koha item type English Books
Holdings
Withdrawn status Lost status Damaged status Not for loan Home library Current library Shelving location Date acquired Full call number Accession Number Price effective from Koha item type
        Anna Centenary Library Anna Centenary Library 3RD FLOOR, B WING 23.01.2026 303.64 REG 253884 23.01.2026 English Books

Find us on the map